[Event "Schachbundesliga 2013/2014"]
[Site "?"]
[Date "2014.04.04"]
[Round "13.8"]
[White "Levin, Felix"]
[Black "Thiel, Thomas"]
[Result "1/2-1/2"]
[WhiteElo "2480"]
[BlackElo "2296"]
[PlyCount "170"]
[EventDate "2014.??.??"]
[WhiteClock "0:28:24"]
[BlackClock "0:08:11"]

1. Nf3 Nf6 2. c4 c5 3. Nc3 Nc6 4. d4 cxd4 5. Nxd4 e6 6. a3 d5 7. cxd5 exd5 8.
Bg5 Be7 9. e3 O-O 10. Be2 Qb6 11. Na4 Qd8 12. O-O h6 13. Bh4 Bd7 14. Rc1 Rc8
15. Nc5 Bxc5 16. Rxc5 Qe7 17. Rc1 Rfd8 18. Nxc6 Rxc6 19. Qd4 b6 20. Rxc6 Bxc6
21. Bxf6 Qxf6 22. Qxf6 gxf6 23. Rd1 Ba4 24. Rd4 Bb3 25. Bg4 Rd6 26. Bf5 Rc6 27.
f3 Kg7 28. Kf2 Rc1 29. Rd2 a5 30. Kg3 b5 31. Bd7 Bc4 32. Kf4 b4 33. axb4 axb4
34. Bf5 b3 35. g4 Ra1 36. h4 Ra4 37. Kg3 Ra1 38. h5 Re1 39. Kf4 Rc1 40. e4 dxe4
41. Bxe4 Be6 42. Ke3 Rc5 43. Rd6 Rc1 44. Rb6 Re1+ 45. Kd2 Rf1 46. Rd6 Rf2+ 47.
Kc3 Rf1 48. Kb4 Rf2 49. Ka3 Re2 50. Rd4 Re3 51. Rd3 Re1 52. Bd5 f5 53. Bxe6
fxe6 54. Kxb3 fxg4 55. fxg4 Re4 56. Rg3 Kf6 57. Kc3 Kg5 58. b4 e5 59. b5 Ra4
60. Rg1 e4 61. b6 Ra6 62. Rb1 Ra8 63. b7 Rb8 64. Kd4 Kxg4 65. Kxe4 Kxh5 66. Kf5
Rf8+ 67. Ke5 Rb8 68. Kd6 Kg4 69. Kc7 Rxb7+ 70. Kxb7 h5 71. Rg1+ Kf3 72. Rh1 Kg4
73. Kc6 h4 74. Kd5 h3 75. Ke4 Kg3 76. Rg1+ Kf2 77. Ra1 h2 78. Kf4 Kg2 79. Ra2+
Kh3 80. Ra3+ Kg2 81. Ra2+ Kh3 82. Ra3+ Kg2 83. Rg3+ Kf2 84. Rh3 Kg2 85. Rxh2+
Kxh2 1/2-1/2

[Event "Schachbundesliga 2013/2014"]
[Site "?"]
[Date "2014.04.04"]
[Round "13.1"]
[White "Rapport, Richard"]
[Black "Aronian, Levon"]
[Result "1/2-1/2"]
[WhiteElo "2676"]
[BlackElo "2795"]
[PlyCount "57"]
[EventDate "2014.??.??"]
[WhiteClock "0:50:05"]
[BlackClock "0:36:29"]

1. c4 Nf6 2. Nc3 e5 3. e3 Nc6 4. g4 h6 5. Bg2 d6 6. h3 Ne7 7. d4 Ng6 8. Nf3 Be7
9. Qc2 c6 10. dxe5 Nxe5 11. Nxe5 dxe5 12. b3 Qc7 13. Bb2 Bd7 14. O-O-O O-O-O
15. Ne2 Be6 16. f4 exf4 17. exf4 Bd6 18. f5 Bd7 19. Kb1 Be5 20. Nd4 Rhe8 21. b4
a5 22. c5 axb4 23. Qa4 Bxd4 24. Bxd4 Qg3 25. Bf3 Qxf3 26. Qa8+ Kc7 27. Qa5+ Kc8
28. Qa8+ Kc7 29. Qa5+ 1/2-1/2

[Event "Schachbundesliga 2013/2014"]
[Site "?"]
[Date "2014.04.04"]
[Round "13.2"]
[White "Adams, Michael"]
[Black "Buhmann, Rainer"]
[Result "1-0"]
[WhiteElo "2753"]
[BlackElo "2582"]
[PlyCount "125"]
[EventDate "2014.??.??"]
[WhiteClock "0:12:31"]
[BlackClock "0:12:46"]

1. e4 e5 2. Nf3 Nc6 3. Bb5 Nf6 4. O-O Nxe4 5. d4 Nd6 6. Bxc6 dxc6 7. dxe5 Nf5
8. Qxd8+ Kxd8 9. Nc3 Bd7 10. Ne2 Ne7 11. Re1 Ng6 12. Nf4 Be7 13. h3 Nxf4 14.
Bxf4 Kc8 15. Rad1 h6 16. Nd4 Rd8 17. Rd3 c5 18. e6 cxd4 19. exd7+ Rxd7 20. Be5
f6 21. Bxd4 b6 22. Red1 Kb7 23. Kf1 Bd6 24. Ke2 Re8+ 25. Kf3 h5 26. c4 Rde7 27.
Be3 Re5 28. Rd5 Kc6 29. b3 a6 30. a4 g6 31. R1d3 Rxd5 32. Rxd5 Re5 33. Rxe5
Bxe5 34. g4 f5 35. gxf5 gxf5 36. Bf4 Bf6 37. b4 Be7 38. b5+ axb5 39. axb5+ Kd7
40. Be5 Bg5 41. Kg3 c6 42. Bd4 cxb5 43. cxb5 Bd8 44. Kf4 Ke6 45. f3 h4 46. Bf2
Bc7+ 47. Kg5 Bd8+ 48. Kg6 Ke5 49. Be3 Ke6 50. Bg1 Bc7 51. Bf2 Bd8 52. f4 Bc7
53. Kg5 Bd8+ 54. Kg6 Bc7 55. Kg5 Bd8+ 56. Kh5 Bc7 57. Kxh4 Kd5 58. Kg5 Ke4 59.
h4 Bxf4+ 60. Kg6 Be5 61. h5 f4 62. Bxb6 f3 63. h6 1-0

[Event "Schachbundesliga 2013/2014"]
[Site "?"]
[Date "2014.04.04"]
[Round "13.3"]
[White "Baramidze, David"]
[Black "Bacrot, Etienne"]
[Result "1/2-1/2"]
[WhiteElo "2613"]
[BlackElo "2730"]
[PlyCount "51"]
[EventDate "2014.??.??"]
[WhiteClock "0:47:03"]
[BlackClock "0:27:44"]

1. d4 Nf6 2. c4 g6 3. Nc3 Bg7 4. Nf3 O-O 5. g3 d5 6. cxd5 Nxd5 7. Bg2 Nxc3 8.
bxc3 c5 9. O-O Nc6 10. Rb1 cxd4 11. Nxd4 Nxd4 12. cxd4 Qxd4 13. Qxd4 Bxd4 14.
Bh6 Rd8 15. Bxb7 Rb8 16. Bxc8 Rdxc8 17. Rxb8 Rxb8 18. Rd1 Bc5 19. Rd7 Rc8 20.
a4 f6 21. Be3 a5 22. Bd2 Kf7 23. Rb7 Bd6 24. Rb5 Rc2 25. Bxa5 Rc4 26. Bb6
1/2-1/2

[Event "Schachbundesliga 2013/2014"]
[Site "?"]
[Date "2014.04.04"]
[Round "13.4"]
[White "Naiditsch, Arkadij"]
[Black "Saric, Ivan"]
[Result "1/2-1/2"]
[WhiteElo "2724"]
[BlackElo "2628"]
[PlyCount "134"]
[EventDate "2014.??.??"]
[WhiteClock "0:04:41"]
[BlackClock "0:08:36"]

1. e4 e5 2. Nf3 Nc6 3. Bb5 a6 4. Bxc6 dxc6 5. O-O f6 6. d4 Bg4 7. c3 Bd6 8. Be3
Ne7 9. Nbd2 O-O 10. h3 Bh5 11. dxe5 fxe5 12. Qb3+ Kh8 13. Qxb7 Qd7 14. Qb3 Bxf3
15. Nxf3 Rxf3 16. gxf3 Ng6 17. Kh2 Nh4 18. Rh1 Rf8 19. Kg1 Qe8 20. Kf1 Qh5 21.
Ke2 Qxf3+ 22. Kd2 Ng2 23. Rad1 Qxe4 24. Kc1 Nxe3 25. fxe3 h6 26. Rhe1 Rf3 27.
Qc2 Qxc2+ 28. Kxc2 Rxh3 29. b4 g5 30. Rh1 Rxh1 31. Rxh1 Kg7 32. e4 Kg6 33. Kd3
g4 34. Ke2 c5 35. a3 h5 36. Kf2 Kg5 37. Kg3 cxb4 38. axb4 c5 39. Rd1 h4+ 40.
Kh2 Be7 41. Rd7 Kf6 42. bxc5 Bxc5 43. Rd5 Be3 44. c4 Kg5 45. c5 Kf4 46. c6 Bb6
47. Rd7 Kxe4 48. Kg2 Ke3 49. c7 Bxc7 50. Rxc7 e4 51. Rh7 Kd2 52. Rd7+ Ke2 53.
Rg7 h3+ 54. Kg3 e3 55. Rxg4 Kd3 56. Rh4 Kd2 57. Rd4+ Kc3 58. Re4 a5 59. Kf3 h2
60. Rxe3+ Kb4 61. Re1 a4 62. Ke3 Kc3 63. Rc1+ Kb2 64. Rh1 a3 65. Rxh2+ Kb1 66.
Kd3 a2 67. Rxa2 Kxa2 1/2-1/2

[Event "Schachbundesliga 2013/2014"]
[Site "?"]
[Date "2014.04.04"]
[Round "13.5"]
[White "Wagner, Dennis"]
[Black "Shirov, Alexei"]
[Result "1/2-1/2"]
[WhiteElo "2481"]
[BlackElo "2685"]
[PlyCount "65"]
[EventDate "2014.??.??"]
[WhiteClock "0:28:33"]
[BlackClock "0:01:42"]

1. d4 d5 2. c4 c6 3. Nc3 Nf6 4. e3 e6 5. Nf3 Nbd7 6. Qc2 Bd6 7. Bd3 O-O 8. O-O
dxc4 9. Bxc4 b5 10. Be2 Bb7 11. e4 e5 12. dxe5 Nxe5 13. Nd4 Neg4 14. g3 Bc5 15.
Nf5 Re8 16. Bf4 Qb6 17. Kg2 Nxf2 18. e5 Nd7 19. b4 Bxb4 20. Rxf2 Nxe5 21. Nxg7
c5+ 22. Kh3 Bc8+ 23. g4 Kxg7 24. Bxe5+ Rxe5 25. Rxf7+ Kxf7 26. Qxh7+ Ke6 27.
Qg6+ Ke7 28. Qg7+ Ke6 29. Qh6+ Ke7 30. Qh7+ Ke6 31. Qg6+ Ke7 32. Qg7+ Ke6 33.
Qg6+ 1/2-1/2

[Event "Schachbundesliga 2013/2014"]
[Site "?"]
[Date "2014.04.04"]
[Round "13.6"]
[White "Nisipeanu, Liviu-Dieter"]
[Black "Banusz, Tamas"]
[Result "1/2-1/2"]
[WhiteElo "2674"]
[BlackElo "2596"]
[PlyCount "91"]
[EventDate "2014.??.??"]
[WhiteClock "0:06:19"]
[BlackClock "0:59:40"]

1. d4 d5 2. c4 c6 3. Nf3 Nf6 4. e3 Bf5 5. Nc3 e6 6. Nh4 Bg6 7. Nxg6 hxg6 8. Rb1
Qc7 9. g3 Nbd7 10. c5 a5 11. a3 b6 12. b4 axb4 13. axb4 bxc5 14. bxc5 e5 15.
Bg2 Be7 16. O-O O-O 17. Bd2 Rfb8 18. Qc2 Rxb1 19. Rxb1 Nf8 20. Rb4 Ne6 21. Qb2
Ra7 22. h4 Nd7 23. Bxd5 exd4 24. exd4 cxd5 25. Nxd5 Qd8 26. Nxe7+ Qxe7 27. c6
Nf6 28. Rb7 Qa3 29. c7 Nxc7 30. Qxa3 Rxa3 31. Rxc7 Rd3 32. Rc8+ Kh7 33. Be3 Ng4
34. Re8 Nf6 35. Rf8 Nd5 36. Rxf7 Nxe3 37. fxe3 Rxe3 38. Kf2 Rd3 39. Rd7 g5 40.
hxg5 Kg6 41. d5 Kf5 42. d6 g6 43. Ke2 Rd5 44. Ke3 Ke5 45. g4 Rxd6 46. Re7+
1/2-1/2

[Event "Schachbundesliga 2013/2014"]
[Site "?"]
[Date "2014.04.04"]
[Round "13.7"]
[White "Paehtz, Elisabeth"]
[Black "Gustafsson, Jan"]
[Result "1/2-1/2"]
[WhiteElo "2440"]
[BlackElo "2628"]
[PlyCount "92"]
[EventDate "2014.??.??"]
[WhiteClock "0:46:17"]
[BlackClock "0:56:11"]

1. e4 c5 2. Nf3 d6 3. d4 cxd4 4. Nxd4 Nf6 5. Nc3 g6 6. Be3 Bg7 7. Be2 Nc6 8.
Qd2 O-O 9. O-O-O Bd7 10. Kb1 Rc8 11. h4 h5 12. f3 Ne5 13. Nd5 Nxd5 14. exd5 Qc7
15. Bh6 Nc4 16. Bxc4 Qxc4 17. Bxg7 Kxg7 18. Ne2 Bf5 19. Qd4+ Qxd4 20. Nxd4 Rc5
21. Nxf5+ gxf5 22. Rd4 Rfc8 23. c3 Rc4 24. Rxc4 Rxc4 25. Kc2 Kf6 26. b3 Rc8 27.
Re1 e6 28. Kd3 b5 29. Ra1 Rg8 30. a4 bxa4 31. Rxa4 Rxg2 32. Rxa7 Ke5 33. Rxf7
Kxd5 34. Ke3 Rb2 35. b4 Rh2 36. b5 Kc5 37. Rf6 e5 38. Rxf5 Rxh4 39. Rf6 Rh1 40.
Rh6 Rb1 41. Rxh5 Kxb5 42. f4 Kc4 43. fxe5 dxe5 44. Rxe5 Re1+ 45. Kf4 Rxe5 46.
Kxe5 Kxc3 1/2-1/2

[Event "Schachbundesliga 2013/2014"]
[Site "?"]
[Date "2014.04.04"]
[Round "13.8"]
[White "Schlosser, Philipp"]
[Black "Rau, Hannes"]
[Result "1/2-1/2"]
[WhiteElo "2602"]
[BlackElo "2458"]
[PlyCount "84"]
[EventDate "2014.??.??"]
[WhiteClock "0:16:08"]
[BlackClock "0:09:50"]

1. c4 Nf6 2. Nf3 e6 3. g3 d5 4. Bg2 d4 5. O-O c5 6. e3 Nc6 7. d3 Be7 8. Re1 O-O
9. Na3 e5 10. exd4 exd4 11. Bf4 Bd6 12. Ne5 Nxe5 13. Bxe5 Bxe5 14. Rxe5 Qc7 15.
Re1 Bd7 16. Nc2 Bc6 17. b4 b6 18. b5 Bxg2 19. Kxg2 Qb7+ 20. Qf3 Qxf3+ 21. Kxf3
Rfe8 22. a4 a5 23. Kg2 Nd7 24. f4 f6 25. Kf3 Kf7 26. Rxe8 Rxe8 27. Re1 Re6 28.
g4 g6 29. h3 f5 30. Rg1 fxg4+ 31. hxg4 g5 32. Re1 gxf4 33. Kxf4 h6 34. Re4
Rxe4+ 35. Kxe4 Ke6 36. Ne1 Ne5 37. Kf4 Kf6 38. Kg3 Kf7 39. Kf4 Ke6 40. Kg3 Kf7
41. Kf4 Kf6 42. Kg3 Kf7 1/2-1/2

[Event "Schachbundesliga 2013/2014"]
[Site "?"]
[Date "2014.04.04"]
[Round "13.1"]
[White "Volokitin, Andrei"]
[Black "Giri, Anish"]
[Result "0-1"]
[WhiteElo "2683"]
[BlackElo "2749"]
[PlyCount "98"]
[EventDate "2014.??.??"]
[WhiteClock "1:36:34"]
[BlackClock "0:32:10"]

1. e4 c5 2. Nf3 e6 3. d4 cxd4 4. Nxd4 Nc6 5. Nc3 Qc7 6. Be3 a6 7. Qd2 Nf6 8. f4
Bb4 9. Bd3 Na5 10. a3 Bxc3 11. Qxc3 Qxc3+ 12. bxc3 d5 13. e5 Ne4 14. Nb3 Nc4
15. Bxc4 dxc4 16. Na5 Bd7 17. Bd4 Rc8 18. Nxb7 Bc6 19. Na5 Bd5 20. Rb1 Kd7 21.
Ke2 f5 22. Rb6 g5 23. fxg5 Rhg8 24. Rg1 Rxg5 25. Rxa6 Rgg8 26. Rb6 Rb8 27. Rb4
f4 28. g3 fxg3 29. hxg3 Rxb4 30. cxb4 Nxg3+ 31. Kf2 Ne4+ 32. Ke1 Rxg1+ 33. Bxg1
Nc3 34. Bf2 Kc7 35. Bh4 Kb6 36. Kd2 Nb1+ 37. Ke3 Nxa3 38. c3 Kb5 39. Bg5 Nb1
40. Kd4 Na3 41. Ke3 Nb1 42. Kd4 h5 43. Bf6 Nd2 44. Ke3 Ne4 45. Kd4 Ng3 46. Ke3
h4 47. Kf4 Ne2+ 48. Kg4 Nxc3 49. Bxh4 Na2 0-1

[Event "Schachbundesliga 2013/2014"]
[Site "?"]
[Date "2014.04.04"]
[Round "13.2"]
[White "Yilmaz, Mustafa"]
[Black "Kryvoruchko, Yuriy"]
[Result "1/2-1/2"]
[WhiteElo "2567"]
[BlackElo "2696"]
[PlyCount "102"]
[EventDate "2014.??.??"]
[WhiteClock "0:48:00"]
[BlackClock "0:30:37"]

1. Nf3 Nf6 2. c4 e6 3. g3 d5 4. d4 Be7 5. Bg2 O-O 6. O-O dxc4 7. Qa4 a6 8. Qxc4
b5 9. Qc2 Bb7 10. Bd2 Be4 11. Qc1 Bb7 12. Qc2 Bd6 13. Re1 Be4 14. Qc1 Nbd7 15.
Ba5 Bb7 16. Nbd2 Nd5 17. Ne4 Qe7 18. Nxd6 cxd6 19. e4 N5f6 20. Qc2 Rac8 21. Qd3
Nb8 22. Rad1 Rfe8 23. Bd2 Qc7 24. e5 dxe5 25. dxe5 Red8 26. Qb1 Ne4 27. Be3
Rxd1 28. Rxd1 Nd7 29. Qd3 Bd5 30. Qd4 Qb7 31. Qa7 Qxa7 32. Bxa7 Rc7 33. Be3
Bxa2 34. Ra1 Bd5 35. Rxa6 h6 36. Ra7 Rxa7 37. Bxa7 b4 38. Bd4 Nb8 39. Ne1 Nc6
40. Bxe4 Bxe4 41. Bc5 b3 42. f3 Bb1 43. Bd6 Na5 44. Bb4 Nc4 45. Bc3 f6 46. exf6
gxf6 47. Kf2 e5 48. Ng2 Nb6 49. Bb4 Kf7 50. Ne3 h5 51. h3 Bd3 1/2-1/2

[Event "Schachbundesliga 2013/2014"]
[Site "?"]
[Date "2014.04.04"]
[Round "13.3"]
[White "Negi, Parimarjan"]
[Black "Pruijssers, Roeland"]
[Result "1/2-1/2"]
[WhiteElo "2671"]
[BlackElo "2529"]
[PlyCount "106"]
[EventDate "2014.??.??"]
[WhiteClock "0:06:43"]
[BlackClock "0:19:05"]

1. e4 e5 2. Nf3 Nc6 3. Bb5 f5 4. d3 fxe4 5. dxe4 Nf6 6. O-O Bc5 7. Nc3 d6 8.
Bg5 O-O 9. Nd5 Kh8 10. Nh4 Nd4 11. Bc4 b5 12. Bd3 c6 13. Bxf6 gxf6 14. Ne3 Ne6
15. a4 b4 16. Nef5 Ng7 17. Qf3 Nxf5 18. Nxf5 Bxf5 19. Qxf5 Qc8 20. Qh5 Qe8 21.
Qf5 Qc8 22. Qxc8 Raxc8 23. Rad1 Rce8 24. g4 Re7 25. Be2 Rd8 26. Rd3 Red7 27.
Rfd1 a5 28. Kg2 Rb7 29. Rf3 Kg7 30. Bc4 Bd4 31. c3 bxc3 32. bxc3 Bc5 33. Rd2
Rb1 34. Be6 Ba3 35. Rf5 Re1 36. g5 fxg5 37. f3 Bc1 38. Rf7+ Kg6 39. Rc2 Re8 40.
Ba2 Ba3 41. h4 gxh4 42. Kh2 h3 43. Kxh3 Rh1+ 44. Kg2 Rh5 45. f4 exf4 46. Rxf4
Rg5+ 47. Kf1 d5 48. Rg2 Bc1 49. Rff2 Ree5 50. exd5 cxd5 51. Bb1+ Kg7 52. Rxg5+
Bxg5 53. Rf5 Bf6 1/2-1/2

[Event "Schachbundesliga 2013/2014"]
[Site "?"]
[Date "2014.04.04"]
[Round "13.4"]
[White "Burg, Twan"]
[Black "Firman, Nazar"]
[Result "1/2-1/2"]
[WhiteElo "2499"]
[BlackElo "2526"]
[PlyCount "90"]
[EventDate "2014.??.??"]
[WhiteClock "0:47:02"]
[BlackClock "0:31:24"]

1. e4 d6 2. d4 Nf6 3. Nc3 g6 4. Bg5 Bg7 5. Qd2 h6 6. Bh4 g5 7. Bg3 Nh5 8. O-O-O
Nc6 9. Nge2 a6 10. Qe3 Bd7 11. e5 Bf5 12. f4 e6 13. d5 gxf4 14. Nxf4 Nxg3 15.
Qxg3 Bxe5 16. dxc6 bxc6 17. Bd3 Qg5 18. Qxg5 hxg5 19. Nfe2 Bxd3 20. cxd3 c5 21.
h3 Rb8 22. b3 Rb4 23. Ne4 a5 24. Kc2 a4 25. Rb1 Ke7 26. bxa4 Rxa4 27. N2c3 Ra7
28. g4 f6 29. a4 Kd7 30. Rbf1 Rh6 31. Rf3 Kc6 32. Rhf1 d5 33. Nxf6 Bxc3 34.
Kxc3 Rxa4 35. Re1 Kd6 36. Ne8+ Kd7 37. Ng7 Ra8 38. Kb3 e5 39. Rf7+ Kc6 40. Rxe5
Rxh3 41. Rf6+ Kb5 42. Rxd5 c6 43. Rxg5 Rxd3+ 44. Kc2 Raa3 45. Ne6 Rac3+ 1/2-1/2

[Event "Schachbundesliga 2013/2014"]
[Site "?"]
[Date "2014.04.04"]
[Round "13.5"]
[White "Siebrecht, Sebastian"]
[Black "Janssen, Ruud"]
[Result "1/2-1/2"]
[WhiteElo "2496"]
[BlackElo "2471"]
[PlyCount "112"]
[EventDate "2014.??.??"]
[WhiteClock "0:12:22"]
[BlackClock "0:26:28"]

1. c4 Nf6 2. Nf3 e6 3. g3 a6 4. Bg2 b5 5. b3 Bb7 6. O-O c5 7. Nc3 b4 8. Na4 d6
9. d4 Nbd7 10. dxc5 dxc5 11. Bf4 Be7 12. Ne5 Bxg2 13. Kxg2 Qc8 14. Qd3 g5 15.
Nxd7 Nxd7 16. Bc1 Qc6+ 17. Qf3 Qxf3+ 18. Kxf3 O-O-O 19. Bb2 Rhg8 20. Rfd1 Kc7
21. h3 Kc6 22. Rd3 f5 23. Rad1 h5 24. g4 fxg4+ 25. hxg4 h4 26. Kg2 Rge8 27. Rf3
Nf8 28. Rxd8 Bxd8 29. Rf7 Nd7 30. e3 e5 31. Rh7 Bf6 32. Rh6 Re6 33. f4 Rd6 34.
fxg5 Bxg5 35. Rh5 Rg6 36. Kh3 Rg8 37. Rh7 Rf8 38. Kg2 e4 39. Rh5 Bxe3 40. Rxh4
Rf2+ 41. Kg3 Rf3+ 42. Kg2 Nb6 43. Nxb6 Rf2+ 44. Kh3 Kxb6 45. Be5 Rxa2 46. Rh5
Ra3 47. g5 Rxb3 48. g6 Bf4+ 49. Kg4 Bxe5 50. Rxe5 Rb1 51. Rg5 Rg1+ 52. Kf5
Rxg5+ 53. Kxg5 e3 54. g7 e2 55. g8=Q e1=Q 56. Qd8+ Kb7 1/2-1/2

[Event "Schachbundesliga 2013/2014"]
[Site "?"]
[Date "2014.04.04"]
[Round "13.6"]
[White "Zumsande, Martin"]
[Black "Zaragatski, Ilja"]
[Result "1-0"]
[WhiteElo "2431"]
[BlackElo "2510"]
[PlyCount "79"]
[EventDate "2014.??.??"]
[WhiteClock "0:01:40"]
[BlackClock "0:03:14"]

1. e4 d6 2. d4 Nf6 3. Nc3 e5 4. Nf3 Nbd7 5. Bc4 Be7 6. O-O Nb6 7. Be2 exd4 8.
Qxd4 O-O 9. a4 a5 10. b3 Nfd7 11. Be3 Re8 12. Qd2 Bf6 13. Rad1 Bxc3 14. Qxc3
Rxe4 15. Bg5 Nf6 16. Bd3 Re8 17. Bxf6 gxf6 18. Rfe1 Rxe1+ 19. Rxe1 Nd7 20. Qd2
Nf8 21. Qh6 Ng6 22. Nh4 Bd7 23. Nxg6 hxg6 24. Bxg6 fxg6 25. Qxg6+ Kf8 26. Qh6+
Kf7 27. Qh7+ Kf8 28. h4 Be8 29. h5 f5 30. Qh8+ Kf7 31. Qh7+ Kf8 32. Re6 Qg5 33.
f4 Qg7 34. Qxf5+ Bf7 35. h6 Qd4+ 36. Kh2 Re8 37. Rf6 Re7 38. h7 Kg7 39. Qg5+
Kh8 40. Rxf7 1-0

[Event "Schachbundesliga 2013/2014"]
[Site "?"]
[Date "2014.04.04"]
[Round "13.7"]
[White "Ris, Robert"]
[Black "Fiebig, Thomas"]
[Result "0-1"]
[WhiteElo "2416"]
[BlackElo "2405"]
[PlyCount "42"]
[EventDate "2014.??.??"]
[WhiteClock "0:29:20"]
[BlackClock "0:26:43"]

1. Nf3 d5 2. b3 c5 3. e4 dxe4 4. Ng5 Nf6 5. Bc4 e6 6. Nc3 a6 7. a4 h6 8. Ngxe4
Nxe4 9. Nxe4 Qd4 10. Nc3 Be7 11. O-O O-O 12. Bb2 Nc6 13. Re1 Rd8 14. d3 Bf6 15.
Qh5 b6 16. Rab1 Qh4 17. Qf3 Bb7 18. Rxe6 fxe6 19. Bxe6+ Kh8 20. g3 Qg5 21. Ne4
Nd4 0-1

[Event "Schachbundesliga 2013/2014"]
[Site "?"]
[Date "2014.04.04"]
[Round "13.8"]
[White "Richter, Christian"]
[Black "Thesing, Matthias"]
[Result "1-0"]
[WhiteElo "2368"]
[BlackElo "2355"]
[PlyCount "73"]
[EventDate "2014.??.??"]
[WhiteClock "0:00:57"]
[BlackClock "0:02:56"]

1. d4 d5 2. c4 dxc4 3. Nf3 a6 4. e3 b5 5. a4 Bb7 6. b3 e6 7. bxc4 bxc4 8. Bxc4
Nf6 9. O-O Nbd7 10. Nc3 Bd6 11. Rb1 Qc8 12. Re1 Ne4 13. Nxe4 Bxe4 14. Bd3 Bxd3
15. Qxd3 O-O 16. Ba3 Qd8 17. Rec1 a5 18. h3 h6 19. Rc6 Nb8 20. Rc4 Na6 21. Nd2
Nb4 22. Qb3 Rb8 23. Bxb4 Bxb4 24. Ne4 Qd5 25. Qc2 Bd6 26. Nd2 e5 27. e4 Qa8 28.
dxe5 Bxe5 29. Nf3 Rxb1+ 30. Qxb1 Re8 31. Qb5 Bd6 32. e5 Rb8 33. Qd7 Rb1+ 34.
Kh2 Qd5 35. Qe8+ Bf8 36. Rxc7 Qb3 37. Nd2 1-0

[Event "Schachbundesliga 2013/2014"]
[Site "?"]
[Date "2014.04.04"]
[Round "13.2"]
[White "Hracek, Zbynek"]
[Black "Ghaem Maghami, Ehsan"]
[Result "1/2-1/2"]
[WhiteElo "2636"]
[BlackElo "2556"]
[PlyCount "53"]
[EventDate "2014.??.??"]
[WhiteClock "0:14:51"]
[BlackClock "0:10:02"]

1. e4 e5 2. Nf3 Nc6 3. Bb5 a6 4. Ba4 Nf6 5. O-O Be7 6. d3 d6 7. c3 O-O 8. Nbd2
b5 9. Bc2 Re8 10. Re1 h6 11. d4 Bf8 12. h3 Bb7 13. d5 Ne7 14. b3 c6 15. c4 Rc8
16. Nf1 Nh5 17. Ne3 Nf4 18. g3 cxd5 19. exd5 Nfg6 20. h4 Nh8 21. h5 g6 22. Nh4
Bg7 23. hxg6 fxg6 24. Be4 Rf8 25. Qd3 Qd7 26. Ba3 Rf6 27. Qe2 1/2-1/2

[Event "Schachbundesliga 2013/2014"]
[Site "?"]
[Date "2014.04.04"]
[Round "13.3"]
[White "Svane, Rasmus"]
[Black "Nyback, Tomi"]
[Result "1/2-1/2"]
[WhiteElo "2458"]
[BlackElo "2599"]
[PlyCount "104"]
[EventDate "2014.??.??"]
[WhiteClock "0:20:06"]
[BlackClock "0:27:53"]

1. Nf3 Nf6 2. c4 g6 3. Nc3 d5 4. cxd5 Nxd5 5. Qb3 Nb6 6. d4 Be6 7. Qc2 Bg4 8.
Qe4 Bxf3 9. Qxf3 c6 10. e3 Bg7 11. Be2 O-O 12. h4 e5 13. dxe5 N8d7 14. h5 Nxe5
15. Qh3 Nd3+ 16. Bxd3 Qxd3 17. hxg6 Qxg6 18. f4 f5 19. e4 fxe4 20. g4 Bh8 21.
f5 Qf7 22. Bh6 Rfd8 23. Qe3 Nc4 24. Qg5+ Bg7 25. O-O Kh8 26. Bxg7+ Qxg7 27.
Qxg7+ Kxg7 28. Nxe4 Ne3 29. Rf4 Rd4 30. f6+ Kg6 31. g5 h6 32. f7 hxg5 33. f8=Q
Rxf8 34. Rxf8 Rxe4 35. Re1 Rg4+ 36. Kf2 Nd5 37. Re6+ Kg7 38. Rb8 Rb4 39. b3 Kf7
40. Ree8 a5 41. Rh8 Nf6 42. Rhc8 Ne4+ 43. Kg2 Nc5 44. Rf8+ Ke6 45. Rbe8+ Kd6
46. Rf6+ Kc7 47. Rf5 Kb6 48. Ree5 Rg4+ 49. Kf3 Rf4+ 50. Rxf4 gxf4 51. Re2 Kb5
52. Kxf4 a4 1/2-1/2

[Event "Schachbundesliga 2013/2014"]
[Site "?"]
[Date "2014.04.04"]
[Round "13.4"]
[White "Babula, Vlastimil"]
[Black "Rogozenco, Dorian"]
[Result "1/2-1/2"]
[WhiteElo "2569"]
[BlackElo "2516"]
[PlyCount "50"]
[EventDate "2014.??.??"]
[WhiteClock "0:10:07"]
[BlackClock "0:07:29"]

1. d4 d5 2. Nf3 Nf6 3. c4 c6 4. Nc3 a6 5. a4 e6 6. Bg5 a5 7. e3 Be7 8. Bd3 Na6
9. Rc1 Nb4 10. Bb1 b6 11. b3 Ba6 12. Qe2 c5 13. O-O dxc4 14. bxc4 Nfd5 15. Ne4
cxd4 16. exd4 O-O 17. Qd2 Bxg5 18. Nexg5 Nf6 19. Rfe1 h6 20. Ne4 Rc8 21. Ne5
Nxe4 22. Rxe4 f5 23. Re3 Qd6 24. Rg3 Rf6 25. Rb3 Rd8 1/2-1/2

[Event "Schachbundesliga 2013/2014"]
[Site "?"]
[Date "2014.04.04"]
[Round "13.5"]
[White "Heinemann, Thies"]
[Black "Bluebaum, Matthias"]
[Result "1-0"]
[WhiteElo "2461"]
[BlackElo "2510"]
[PlyCount "161"]
[EventDate "2014.??.??"]
[WhiteClock "0:17:19"]
[BlackClock "0:06:45"]

1. e4 e6 2. d4 d5 3. Nd2 c5 4. exd5 Qxd5 5. Ngf3 cxd4 6. Bc4 Qd6 7. O-O Nf6 8.
Nb3 Nc6 9. Nbxd4 Nxd4 10. Qxd4 Qxd4 11. Nxd4 Bd7 12. b3 Rc8 13. Bb2 Ne4 14.
Rfe1 Nd6 15. Bd3 Be7 16. c4 Bf6 17. Rad1 O-O 18. Ba3 Bxd4 19. Bxd6 Rfd8 20.
Bxh7+ Kxh7 21. Rxd4 Bc6 22. Red1 Rd7 23. Kf1 Rcd8 24. h4 b6 25. Be5 Rxd4 26.
Rxd4 Rxd4 27. Bxd4 Be4 28. c5 bxc5 29. Bxc5 a6 30. g3 Kg6 31. Ke2 Bb1 32. a3
Ba2 33. b4 e5 34. Kd3 Kf5 35. Bf8 g6 36. Kc3 Ke4 37. a4 f5 38. b5 axb5 39. axb5
Kd5 40. Kb4 Bc4 41. Bg7 Be2 42. Ka5 e4 43. Bh6 Bd3 44. Bg5 Be2 45. Bd8 Bd3 46.
b6 Kc6 47. Kb4 Ba6 48. Kc3 Kc5 49. Kd2 Kd4 50. Bg5 Kc5 51. Bd8 Kd4 52. Be7 Bb7
53. Bf6+ Kc5 54. Ke3 Kxb6 55. Kf4 Bc6 56. Kg5 Be8 57. Bd4+ Kc6 58. Kf6 Kd6 59.
Be3 Kd7 60. Bf4 Kd8 61. Bd6 Kd7 62. Be7 Kc6 63. Ke6 Bd7+ 64. Kf7 f4 65. gxf4
Bf5 66. Kf6 Kd7 67. Bb4 e3 68. fxe3 Bd3 69. Be1 Ke8 70. Bb4 Kd7 71. f5 Bxf5 72.
h5 Bd3 73. h6 g5 74. Kg7 Ke6 75. h7 Bxh7 76. Kxh7 Kf5 77. Be1 g4 78. Bf2 Ke4
79. Kg6 Kf3 80. Bg1 Kg2 81. Kg5 1-0

[Event "Schachbundesliga 2013/2014"]
[Site "?"]
[Date "2014.04.04"]
[Round "13.6"]
[White "Markgraf, Alexander"]
[Black "Van Delft, Merijn"]
[Result "1-0"]
[WhiteElo "2483"]
[BlackElo "2425"]
[PlyCount "105"]
[EventDate "2014.??.??"]
[WhiteClock "0:41:22"]
[BlackClock "0:36:24"]

1. e4 c5 2. Nf3 e6 3. d4 cxd4 4. Nxd4 Nc6 5. Nc3 Qc7 6. Be3 a6 7. Qd2 Nf6 8.
O-O-O Be7 9. f3 b5 10. g4 Nxd4 11. Qxd4 Bb7 12. g5 Nh5 13. Bh3 Rc8 14. Qd2 b4
15. Ne2 d5 16. Bg4 dxe4 17. Bxh5 exf3 18. Nd4 O-O 19. Bxf3 e5 20. Bxb7 exd4 21.
Bxc8 dxe3 22. Qxe3 Rxc8 23. Rd2 Bd6 24. Rf1 Qc4 25. Qh3 Be7 26. Rg1 Rc5 27. Qe3
Bf8 28. Kb1 g6 29. Rgd1 h6 30. gxh6 Kh7 31. b3 Qc3 32. Qxc3 Rxc3 33. Rd3 Rc6
34. Rf3 f5 35. Rh3 Rc7 36. c3 bxc3 37. Kc2 Bb4 38. a3 Bxa3 39. Rxc3 Re7 40. Rc6
a5 41. Rg1 Kxh6 42. Rcxg6+ Kh7 43. R6g5 Re2+ 44. Kd3 Rxh2 45. Rxf5 Rh3+ 46. Kc4
Bb4 47. Rfg5 Rc3+ 48. Kb5 Kh6 49. R5g2 Rc5+ 50. Ka4 Rh5 51. Rg6+ Kh7 52. Rg7+
Kh6 53. R1g6# 1-0

[Event "Schachbundesliga 2013/2014"]
[Site "?"]
[Date "2014.04.04"]
[Round "13.7"]
[White "Berger, Steve"]
[Black "Meins, Gerlef"]
[Result "1/2-1/2"]
[WhiteElo "2412"]
[BlackElo "2448"]
[PlyCount "109"]
[EventDate "2014.??.??"]
[WhiteClock "0:17:15"]
[BlackClock "1:01:37"]

1. e4 c5 2. Nc3 Nc6 3. Bb5 Nd4 4. Nf3 Nxb5 5. Nxb5 d6 6. d4 Nf6 7. Nc3 Bg4 8.
Bg5 Bxf3 9. gxf3 Nd7 10. dxc5 Nxc5 11. Qd2 Ne6 12. Be3 g6 13. f4 Qa5 14. Nd5
Qxd2+ 15. Bxd2 Bg7 16. f5 Nd4 17. f6 Bxf6 18. O-O-O Rc8 19. Nxf6+ exf6 20. Kb1
Ke7 21. Bf4 Nf3 22. Bxd6+ Ke6 23. Rd3 Rhd8 24. Rhd1 Ne5 25. Rd5 g5 26. b3 a6
27. c4 h5 28. h3 Ng6 29. f4 gxf4 30. Bxf4 Rxd5 31. exd5+ Kd7 32. Bc1 b5 33.
cxb5 axb5 34. Rf1 Ne7 35. Rxf6 Nxd5 36. Rxf7+ Ke6 37. Rb7 h4 38. Bd2 Rg8 39.
Rh7 Rg2 40. Kc1 Rg1+ 41. Kc2 Ra1 42. Rh6+ Kf5 43. Rh5+ Ke6 44. Kb2 Rd1 45. Kc2
Ra1 46. Rxh4 Rxa2+ 47. Kc1 Kf5 48. Rd4 Ke5 49. Rh4 Kf5 50. Rg4 Ra1+ 51. Kc2
Ra2+ 52. Kd1 Ra1+ 53. Kc2 Ra2+ 54. Kd1 Ra1+ 55. Kc2 1/2-1/2